Project Runway Season 4 - Statistics

General Stats
  • This quiz has been taken 113 times
  • The average score is 13 of 15
Answer Stats
Place Finished Designer % Correct
4th place Chris March
100%
Winner Christian Siriano
100%
8th place Christina "Kit Pistol" Scarbo
100%
10th place Elisa Jimenez
100%
3rd place Jillian Lewis
100%
5th place Kathleen "Sweet P" Vaughn
100%
Runner Up Rami Kashou
100%
13th place Carmen Webber
80%
9th place Kevin Christiana
80%
6th place Ricky Lizalde
80%
15th place Simone LeBlanc
80%
11th place Steven Rosengard
80%
12th place Jack Mackenroth
60%
7th place Victorya Hong
60%
14th place Marion Lee
40%
No matching quizzes found
Score Distribution
Percent of People with Each Score
Percentile by Number Answered
Your Score History
You have not taken this quiz